00431pab a2200157 454500008004000000100001400040245008000054260000900134300001300143362001100156650003000167650002200197700001800219700001600237773002000253180718b2010 xxu||||| |||| 00| 0 eng d aKumar, D. aRecognizing challenges and expanding horizons of medical education in India c2010 ap.34-37. a30 Aug aMedical education - India aMedical education aKharwar, P.S. aSingh, J.V. aUniversity News